000 00582nam a2200145 a 4500
001 000038278
005 20250607073643.0
008 130408s1996 dr 000 0 spa d
040 _aDO-SdBNP
_bspa
_cBNPHU
110 1 _aRepública Dominicana.
_b Secretaria de Estado de Salud Pública y Asistencia Social (2001)
_956549
245 1 0 _aley 55-93 sobre el SIDA, análisis, comentarios y reglamento para su aplicación.
250 _a2a. ed.
260 _aSanto Domingo :
_bPrograma de Control de Enfermedades de Transmisión Sexual y SIDA (PROCETS),
_c1996.
300 _a97 p. ;
_c22 cm.
999 _c37768
_d37768